000 00318nam a2200109Ia 4500
008 200302s9999 xx 000 0 und d
100 _aJolyon Drury and Peter Falconer
245 _aBuldings for Industrial Storage and Distribution 2nd ed.
260 _bArchitectural World Co., Ltd.
260 _c2003
300 _a270 P.,
999 _c2823
_d2823